[Event "EYCC Open U20 2021"]
[Site "Tornelo"]
[Date "2021.10.15"]
[Round "6.3"]
[White "Leisch, Lukas"]
[Black "Pantzar, Milton"]
[Result "0-1"]
[WhiteElo "2406"]
[BlackElo "2413"]
[Annotator "TA"]
[PlyCount "58"]
[EventDate "2021.10.15"]
[EventType "swiss"]
[EventCountry "NET"]
[SourceTitle "playchess.com"]
[Source "ChessBase"]
[SourceQuality "1"]

{[%evp 10,58,24,23,23,21,37,21,23,24,26,24,26,20,45,48,58,33,41,44,61,43,52,31,33,25,49,31,27,27,20,0,0,-99,-60,-221,-209,-392,-290,-663,-650,-1222,-1077,-1475,-1832,-2505,-2429,-29991,-29992,-29992,-29993]} 1. c4 e6 2. g3 d5 3. Bg2 Nf6 4. Nf3 b6 5. O-O Bb7 6. cxd5 exd5 {A13: English Opening: 1...e6.} 7. Nc3 Bd6 {[#]} 8. Nh4 $146 ({Predecessor:} 8. Nd4 Qd7 9. Qc2 Nc6 10. Nf5 Bf8 11. Bh3 Nd4 12. Qb1 Ne6 13. d4 g6 14. Nh4 {0-1 (35) Paul,J (2331)-Beukema,J (2249) Basel 2018}) 8... O-O {The position is equal.} 9. Nf5 Re8 10. Nxd6 Qxd6 11. b3 a6 12. Bb2 Nc6 13. d4 Rad8 14. Rc1 h5 15. Re1 Ne7 16. Qd3 h4 17. Nb1 Ng6 18. Qf5 Bc8 19. Qc2 Bg4 20. Qxc7 Qe6 21. Rc6 (21. Qc6 $11) 21... Qf5 $17 22. Nd2 $2 {White does not recover from this.} ({Not} 22. Qxb6 $2 Bxe2 23. Rc3 Ng4 $19) (22. Rxb6 $2 Rc8 $19) ({White should try} 22. Nc3 $1 $15 h3 23. Bf1) 22... Bxe2 $40 {[%mdl 128] And now ...h3 would win. Black wants a kill.} 23. Rcc1 $2 (23. Qxd8 {was called for.} Rxd8 24. Rxe2) 23... h3 ({And not} 23... Ng4 {[#]} 24. Rxe2 $1 Rxe2 25. Qxd8+ $11) 24. Bh1 (24. Qc2 Qxc2 25. Rxc2 hxg2 26. Kxg2) 24... Rc8 ({Stronger than} 24... Ng4 25. f3 $11) 25. Qxb6 {If White can now play Rxc8 this consolidates a bit.} Ng4 {[%csl Gg4][%cal Rf5f2]} 26. Ne4 Rxc1 27. Bxc1 Rxe4 {[%csl Gg4][%cal Rf5f2]} 28. f3 Bxf3 {[%cal Re4e1][%mdl 64] Discovered Attack} 29. Rf1 {[#]} Re1 $3 {[%mdl 512] Weighted Error Value: White=1.22/Black=0.10} 0-1

[Event "EYCC Open U20 2021"]
[Site "Tornelo"]
[Date "2021.10.15"]
[Round "6.4"]
[White "Bruaset, Eivind"]
[Black "Sokolovsky, Yahli"]
[Result "1/2-1/2"]
[WhiteElo "2200"]
[BlackElo "2422"]
[Annotator "TA"]
[PlyCount "82"]
[EventDate "2021.10.15"]
[EventType "swiss"]
[EventCountry "NET"]
[SourceTitle "playchess.com"]
[Source "ChessBase"]
[SourceQuality "1"]

{[%evp 21,82,0,0,0,0,0,16,-30,6,18,16,0,42,0,37,11,33,38,87,44,71,37,56,41,43,44,77,72,67,70,134,135,123,107,99,89,79,62,58,38,59,66,87,24,32,41,105,114,110,97,141,89,60,17,21,21,8,0,0,0,12,0,0]} 1. e4 c5 2. Nf3 d6 3. d4 cxd4 4. Nxd4 Nf6 5. Nc3 a6 6. f4 e5 7. Nf3 Qc7 8. Bd3 Be7 9. O-O O-O 10. Kh1 Nbd7 11. a4 b6 12. Qe1 {B93: Sicilian Najdorf: 6 f4.} Re8 13. Nh4 exf4 14. Nf5 {[#]} Ne5 $146 ({Predecessor:} 14... Bf8 15. Bxf4 Ne5 16. Bg5 Bxf5 17. Rxf5 Nxd3 18. cxd3 Be7 19. Bxf6 Bxf6 20. Nd5 Qd8 21. Nxf6+ gxf6 {1-0 (49) Koeller,O (2280)-Bertazzo,G (2067) Aschach 2000}) 15. Nxe7+ Qxe7 16. Bxf4 h6 17. Be3 Rb8 18. Qh4 Ng6 19. Qg3 Kh8 20. Rae1 Ne5 21. Qh4 Nfg4 22. Qxe7 Rxe7 23. Bf4 Rd7 24. Be2 Bb7 25. Rd1 Rbd8 (25... Re8 $14) 26. Rd4 $16 Nc6 27. Rd2 (27. Bxg4 $6 Nxd4 28. Bxd7 Rxd7 $11) 27... Nf6 {[#]} 28. Bxh6 $1 Re8 29. Bd3 Nb4 {[%cal Rf6e4]} 30. Be3 d5 {And now ...d4 would win.} 31. e5 {Strongly threatening Bf5.} (31. Bxb6 dxe4 32. Ba5 Nc6 $17) 31... d4 {[#]} 32. Bxd4 Rxd4 $11 33. exf6 gxf6 (33... Nxc2 $14 34. fxg7+ (34. Rxc2 Rxd3 35. fxg7+ Kxg7 $14) 34... Kxg7) 34. Kg1 $16 Kg7 35. Ne2 Rg4 36. Ng3 ({White should try} 36. Nf4 Nxd3 37. cxd3 (37. Rxd3 Re2 $14)) 36... Nxd3 37. Rxd3 {Black must now prevent Rd7.} (37. cxd3 {looks sharper.} Rxa4 38. Nf5+ Kg6 39. Nd6 Rd8 40. Nxb7 Rd7 41. Rdf2) 37... Re2 $1 {[%cal Re2g2][%mdl 64] Double Attack. The position is equal.} 38. Rf2 {[%cal Rf2e2]} (38. Nxe2 $2 {perishes.} Rxg2+ 39. Kh1 Rg3+ 40. Rff3 Bxf3+ 41. Rxf3 Rxf3 $19) 38... Re1+ 39. Rf1 Re2 40. Rf2 {[%cal Rf2e2]} (40. Nxe2 $2 {too greedy.} Rxg2+ 41. Kh1 Rg3+ 42. Rff3 Bxf3+ 43. Rxf3 Rxf3 $19) 40... Re1+ 41. Rf1 Re2 {Weighted Error Value: White=0.13/Black=0.16} 1/2-1/2

[Event "EYCC Open U20 2021"]
[Site "Tornelo"]
[Date "2021.10.15"]
[Round "6.5"]
[White "Ben Ari, Yannay"]
[Black "Tryggestad, Andreas Garberg"]
[Result "1-0"]
[WhiteElo "2416"]
[BlackElo "2268"]
[Annotator "TA"]
[PlyCount "73"]
[EventDate "2021.10.15"]
[EventType "swiss"]
[EventCountry "NET"]
[SourceTitle "playchess.com"]
[Source "ChessBase"]
[SourceQuality "1"]

{[%evp 10,73,10,2,8,2,0,-2,0,-6,12,4,9,7,1,0,11,0,4,4,37,49,36,42,76,64,64,61,102,97,114,100,110,104,137,151,344,218,227,227,227,211,210,215,227,213,190,144,341,347,560,559,543,537,859,341,471,459,502,493,671,251,765,777,29989,29990]} 1. c4 Nf6 2. Nc3 c5 3. g3 Nc6 4. Bg2 g6 5. d3 Bg7 6. Bg5 h6 {A36: Symmetrical English vs ...g6: 4 Bg2 Bg7.} 7. Bxf6 Bxf6 8. Qd2 d6 {The position is equal.} 9. e3 {[#]} Bg4 $146 ({Predecessor:} 9... Bg7 10. Nge2 O-O 11. O-O Bd7 12. h3 a6 13. Kh2 Rb8 14. f4 b5 15. Rad1 e6 {0-1 (51) Dmitriev,I (2290)-Kryakvin,D (2584) Samara 2013}) 10. h3 Bd7 11. Nge2 Bg7 12. O-O O-O 13. Rfd1 e6 14. Rac1 Qe7 15. d4 {dxc5 is the strong threat.} cxd4 16. exd4 Nd8 17. d5 e5 18. c5 Rc8 {[#]} 19. Ne4 $36 {[%mdl 2048] White is on the roll.} dxc5 {Threatening ...b6.} 20. d6 Qe8 21. Nxc5 Ne6 22. Nxb7 f5 $2 (22... Rxc1 $16 23. Rxc1 Nd4 24. Nxd4 exd4) 23. Bd5 Kh7 24. Rxc8 Bxc8 25. Bxe6 Bxb7 26. Bd5 Bxd5 27. Qxd5 Qd7 28. Nc3 Rb8 $2 {[#] Loses the game.} (28... e4 $16 29. Qb5 Rd8) 29. b3 $1 $18 Rc8 $2 (29... e4) 30. Na4 f4 31. g4 h5 32. f3 (32. Nc5 Qd8 33. d7) 32... e4 33. Qxe4 Re8 {[#]} 34. Nc5 Qd8 (34... Rxe4 35. Nxd7) 35. Qd5 (35. Qc4) 35... Qh4 $2 (35... hxg4 36. Ne4 (36. hxg4 Re2 $14) (36. fxg4 Re5 $11) 36... Re5) 36. Ne4 Qxh3 37. Ng5+ {[%mdl 64] Double Attack.  Weighted Error Value: White=0.34/Black=0.68} 1-0

[Event "EYCC Open U20 2021"]
[Site "Tornelo"]
[Date "2021.10.15"]
[Round "6.6"]
[White "Melaugh, Shane"]
[Black "Koelle, Tobias"]
[Result "1/2-1/2"]
[WhiteElo "2175"]
[BlackElo "2393"]
[Annotator "TA"]
[PlyCount "55"]
[EventDate "2021.10.15"]
[EventType "swiss"]
[EventCountry "NET"]
[SourceTitle "playchess.com"]
[Source "ChessBase"]
[SourceQuality "1"]

{[%evp 10,55,18,11,14,11,11,7,10,0,0,-56,-56,-56,-71,-68,-70,-72,-48,-96,-50,-45,-39,-47,-45,-120,-85,-86,7,0,0,0,0,0,0,0,0,0,0,-26,0,0,0,-5,-4,-11,-4,-19]} 1. c4 e5 2. Nc3 Bb4 3. g3 Bxc3 4. bxc3 d6 5. Bg2 Nc6 6. d3 Nge7 {A21: English Opening: 1...e5 2 Nc3.} 7. f4 exf4 8. Bxf4 {[#]} Ng6 $146 ({Predecessor:} 8... O-O 9. Nf3 h6 10. O-O Rb8 11. Qd2 Bd7 12. e4 Ng6 13. Be3 b6 14. Nd4 Nxd4 15. cxd4 {1-0 (42) Navara,D (2703)-Vitiugov,N (2751) Germany 2020}) 9. Bd2 O-O 10. Nh3 {[#]} (10. Nf3 $11) 10... Nh4 $1 $15 {[%cal Rh4g2]} 11. Nf4 (11. Bxc6 bxc6) 11... Nxg2+ 12. Nxg2 b6 13. O-O Bh3 14. Rf4 Bxg2 15. Kxg2 Qd7 16. e4 Ne5 17. Qh5 (17. Be3 $15) 17... g6 18. Qe2 {[#]} Qa4 (18... b5 $1 $17 19. cxb5 Qxb5) 19. Be3 Rab8 20. Raf1 b5 {[%cal Rb5c4]} 21. c5 b4 22. cxb4 {Black must now prevent d4.} Rxb4 {Strongly threatening ...Qb5.} 23. R4f2 Qb5 24. cxd6 Nxd3 (24... cxd6 $5 {[%cal Re5d3]} 25. Rd1 h5 $11) 25. dxc7 {The position is equal.} Nxf2 26. Qxb5 Rxb5 27. Rxf2 Rc8 28. Rc2 {Weighted Error Value: White=0.14/Black=0.13} 1/2-1/2

[Event "EYCC Open U20 2021"]
[Site "Tornelo"]
[Date "2021.10.15"]
[Round "6.7"]
[White "Rozen, Eytan"]
[Black "Stoleriu, George"]
[Result "1/2-1/2"]
[WhiteElo "2386"]
[BlackElo "2373"]
[Annotator "TA"]
[PlyCount "150"]
[EventDate "2021.10.15"]
[EventType "swiss"]
[EventCountry "NET"]
[SourceTitle "playchess.com"]
[Source "ChessBase"]
[SourceQuality "1"]

{[%evp 9,150,19,10,16,7,8,8,3,13,-22,-23,-13,-18,-13,-10,-92,-95,-96,-77,-78,-86,-89,-107,-103,-106,-94,-75,-43,-21,-117,-60,-65,-65,-114,-114,-504,-335,-496,-178,-177,-173,-123,-54,-44,-43,-41,-33,-24,-30,-25,-6,-8,-11,-12,0,-2,0,0,0,-6,0,0,0,0,0,0,0,0,0,0,0,0,0,0,0,0,0,0,0,0,0,0,0,0,0,0,0,0,0,0,0,0,0,0,0,0,0,0,0,0,0,0,0,0,0,0,0,0,0,0,0,0,0,0,0,0,0,0,0,0,0,0,0,0,0,0,0,0,0,0,0,0,0,0,0,0,0,0,0,0,0,0,0]} 1. c4 e5 2. b3 Nc6 3. Bb2 g6 4. Nf3 Bg7 5. e3 d6 6. d4 {A01: Nimzowitsch-Larsen Opening.} e4 7. Nfd2 f5 8. Nc3 Nf6 9. d5 Ne5 10. Be2 O-O 11. O-O {[#]} c5 $146 ({Predecessor:} 11... c6 12. dxc6 bxc6 13. Qc2 Qe7 14. Rfd1 Be6 15. b4 g5 16. Rac1 g4 17. Na4 Bf7 {0-1 (46) Gritsenko,N (2309)-Bodnaruk,A (2456) Minsk 2015}) 12. h3 (12. a3 $11) 12... Qe7 13. Qc2 Bd7 14. Rae1 Rae8 15. f3 exf3 16. Nxf3 {[#]} Neg4 $1 {[%mdl 512]} 17. hxg4 {Bd3 is the strong threat.} fxg4 18. Nd1 Bf5 19. Qc1 {[#]} (19. e4 $1 $11 {remains equal.} gxf3 20. Bxf3 Nxe4 21. Bxe4 Bxb2 22. Qxb2 (22. Bxf5 $2 Bd4+ 23. Nf2 Qxe1 $19) 22... Bxe4 23. Nf2) 19... gxf3 (19... Ne4 $1 $17 20. Nh2 g3) 20. Bxf3 $15 Be4 21. Bxe4 Nxe4 22. Qc2 {[%mdl 8192]} (22. Bxg7 $17 {was the crucial defense.} Qxg7 23. Qc2) 22... Bxb2 23. Nxb2 (23. Qxb2 {was the only chance.} Qh4 24. Qc2) 23... Ng3 $2 ({Less strong is} 23... Qh4 24. Rxf8+ Rxf8 25. Rf1 $19) (23... Rxf1+ 24. Rxf1 Qh4) 24. Rxf8+ $19 Rxf8 ({Resist} 24... Qxf8 25. Qf2 $15) 25. Nd3 Qe4 (25... Qh4 $17 {[%csl Gg3][%cal Rh4h1]} 26. Nf2 Rf5) 26. Qd1 $1 $15 Qh4 {[%csl Gg3][%cal Rh4h1]} (26... b6 {is interesting.} 27. Nf2 Qf5 28. Qf3 Qg5 29. Qd1 Qf6) 27. Nf2 Ne4 28. Nxe4 Qxe4 {[%mdl 4096] Endgame KQR-KQR} 29. Qe2 Re8 30. Qf2 {The position is equal.} Kg7 31. Qg3 Re5 32. Qh3 Rf5 33. Rf1 Rxf1+ 34. Kxf1 Qf5+ (34... Qe8 {feels hotter.} 35. Qg3 Qd7 36. Ke1 h6 37. Qf4 g5) 35. Qxf5 gxf5 $11 {KP-KP} 36. Kf2 Kf6 37. Kg3 Kg5 38. Kf3 h6 39. Kg3 a6 40. Kf3 h5 41. a4 a5 42. Kg3 Kf6 43. Kh3 Kf7 44. Kh2 Ke7 45. Kg3 Kf6 46. Kh3 Kg7 47. Kh2 Kh6 48. Kh3 Kh7 49. Kh2 Kg8 50. Kg1 Kf7 51. Kh2 Kg7 52. Kg3 Kg6 53. Kh3 Kg5 54. Kg3 h4+ 55. Kh3 Kh5 56. g3 hxg3 57. Kxg3 Kg6 58. Kh4 Kh6 59. Kh3 Kh5 60. Kg3 Kg5 61. Kf3 Kf6 62. Kg3 Ke5 63. Kf3 b6 64. Kf2 f4 (64... Ke4 $5) 65. Ke2 Kf5 66. exf4 Ke4 67. f5 Kxf5 68. Kf3 Kg5 69. Kg3 Kf5 70. Kf3 Kg5 71. Ke3 Kg4 72. Ke2 Kg3 73. Ke3 Kg4 74. Ke2 Kg3 75. Ke3 Kg4 {Weighted Error Value: White=0.39/Black=0.24} 1/2-1/2

[Event "EYCC Open U20 2021"]
[Site "Tornelo"]
[Date "2021.10.15"]
[Round "6.8"]
[White "Kirilmaz, Emre"]
[Black "Garayev, Kanan"]
[Result "1-0"]
[WhiteElo "2147"]
[BlackElo "2339"]
[Annotator "TA"]
[PlyCount "77"]
[EventDate "2021.10.15"]
[EventType "swiss"]
[EventCountry "NET"]
[SourceTitle "playchess.com"]
[Source "ChessBase"]
[SourceQuality "1"]

{[%evp 15,77,-14,-13,-13,0,0,0,-11,0,-22,-26,-64,-68,-118,-38,-84,-89,-71,-76,-73,-75,-79,-27,-38,-34,-42,-38,-56,-60,-70,-54,-84,-68,-65,-64,-113,-116,-255,-255,-235,-75,-70,183,195,468,459,602,594,656,608,790,793,789,785,738,722,850,847,865,863,1050,1026,872,864]} 1. d4 d5 2. c3 e6 3. Nf3 c5 4. Bf4 Bd6 5. Bg3 Qc7 6. Nbd2 Nf6 7. e3 Nbd7 8. Bd3 O-O 9. O-O {D02: 1 d4 d5 2 Nf3 sidelines, including 2...Nf6 3 g3 and 2...Nf6 3 Bf4.} e5 {aiming for ...e4.} 10. dxe5 Nxe5 11. Nxe5 {The position is equal.} Bxe5 12. f4 Bd6 {[#]} 13. e4 $146 ({Predecessor:} 13. Bh4 Be7 14. Bxf6 Bxf6 15. e4 dxe4 16. Nxe4 Be7 17. f5 c4 18. Bc2 Rd8 19. Qh5 {0-1 (39) Nemtzev,I (2302)-Arvind,C (2261) Chess.com INT 2019}) 13... c4 14. Bc2 Ng4 (14... Bg4 $17 15. Qb1 Nh5) 15. exd5 Ne3 {[%mdl 64] [#] Double Attack} 16. Qb1 Nxf1 17. Qxf1 b5 18. Ne4 Bg4 (18... Bc5+ $17 19. Bf2 Bxf2+ 20. Qxf2 Rb8) 19. Nxd6 Qxd6 20. f5 $1 Qc5+ (20... Qxd5 $6 21. Qf4 $16) 21. Kh1 Rfe8 ({Much weaker is} 21... Qxd5 $6 22. Qf4 $16) 22. Qf4 Be2 23. d6 {Hoping for d7.} Bd3 24. Bxd3 cxd3 25. f6 Qd5 26. Qg4 (26. Rd1 $17) 26... g6 $19 27. Rd1 {[#]} Re3 ({Inferior is} 27... Qxa2 28. d7 $16) (27... Re4 $1 $19 {[%cal Re4g4] and Black stays clearly on top.} 28. Qf3 Rae8) 28. Qf4 $17 {Intending Qh6 and mate.} Qh5 {[%mdl 8192]} 29. Rd2 $40 {[%mdl 1152] White has strong compensation. White has strong attack.} Rae8 (29... Re6) 30. h3 {Black must now prevent d7.White is clearly winning.} Qf5 31. d7 Re1+ 32. Kh2 Rd8 {Strongly threatening ...Qxf4.} 33. Qxf5 gxf5 34. Bxe1 Rxd7 {KRB-KR} 35. Bf2 h5 36. Bd4 Kh7 37. Rxd3 h4 38. Re3 Kg6 39. Re7 {Weighted Error Value: White=0.14/Black=0.52} 1-0

[Event "EYCC Open U20 2021"]
[Site "Tornelo"]
[Date "2021.10.15"]
[Round "6.10"]
[White "Kalogridis, Antonios"]
[Black "Crevatin, Leo"]
[Result "1/2-1/2"]
[WhiteElo "2275"]
[BlackElo "2275"]
[Annotator "TA"]
[PlyCount "88"]
[EventDate "2021.10.15"]
[EventType "swiss"]
[EventCountry "NET"]
[SourceTitle "playchess.com"]
[Source "ChessBase"]
[SourceQuality "1"]

{[%evp 9,88,26,25,23,25,25,30,30,30,30,28,32,31,27,33,0,6,-22,8,-63,-18,-11,-7,-12,0,0,0,0,0,-8,-7,-7,-11,-16,-16,-19,-14,-38,0,0,0,0,0,0,0,-16,-16,-16,0,-24,11,16,20,17,6,0,30,13,31,15,33,-11,33,33,77,0,0,0,0,0,0,0,0,0,0,0,0,0,0,0,0]} 1. d4 d5 2. c4 e6 3. Nc3 a6 4. cxd5 exd5 5. Nf3 Nf6 6. Bg5 {D37: Queen's Gambit Declined: 5 Bf4.} Be6 7. e3 Nbd7 8. Bd3 {White has an edge.} c6 9. O-O Bd6 10. Bf4 Qc7 11. Qd2 O-O {[#]} 12. b4 $146 ({Predecessor:} 12. h3 Nh5 13. Bxd6 Qxd6 14. b4 Nhf6 15. a4 b5 16. Rfb1 Nb6 17. Qc2 g6 18. a5 {1-0 (37) Lysyj,I (2593)-Rakhmanov,A (2646) Khanty-Mansiysk 2020}) 12... Bg4 13. Ne1 Rfe8 14. Rb1 ({Better is} 14. Bxd6 $11 Qxd6 15. f3) 14... Ne4 15. Bxd6 Qxd6 (15... Nxd2 $2 {perishes.} 16. Bxc7 f6 17. Rc1 $18) 16. Qc2 {[%cal Rc3e4]} Nxc3 17. Qxc3 Bh5 18. a4 Rac8 19. a5 Rcd8 20. Rb2 Nf6 21. f3 Re7 22. Re2 Ne8 23. Bb1 Qc7 24. Nd3 Bg6 25. Nc5 Bxb1 26. Rxb1 Nd6 27. Rd1 Rde8 28. Rde1 Qd8 29. Qd3 h6 30. e4 dxe4 31. fxe4 Nb5 32. Rd2 Qd6 33. Red1 Qf4 34. Qf3 Qg5 35. e5 Rd8 36. Rd3 Qh4 {[%cal Rd8d4]} 37. Ne4 (37. g3 $16 Qg5 38. h4) 37... Rxd4 {The position is equal.} 38. Rxd4 Nxd4 39. Rxd4 {Rd8+ would kill now.} Qe1+ 40. Qf1 Qe3+ {[%mdl 64] [#] Double Attack} 41. Qf2 Qc1+ 42. Qf1 Qe3+ {[%mdl 64] Double Attack} 43. Qf2 Qc1+ 44. Qf1 Qe3+ {[%mdl 64] Double Attack.  Weighted Error Value: White=0.12/Black=0.10} 1/2-1/2

[Event "EYCC Open U20 2021"]
[Site "Tornelo"]
[Date "2021.10.15"]
[Round "7.1"]
[White "Ibrahimli, Murad"]
[Black "Murzin, Volodar"]
[Result "1/2-1/2"]
[WhiteElo "2435"]
[BlackElo "2513"]
[Annotator "TA"]
[PlyCount "96"]
[EventDate "2021.10.15"]
[EventType "swiss"]
[EventCountry "NET"]
[SourceTitle "playchess.com"]
[Source "ChessBase"]
[SourceQuality "1"]

{[%evp 13,96,0,9,-39,-38,-41,-33,-37,-9,-21,-18,-20,-13,-26,0,-9,0,0,0,-10,-11,-15,-16,-22,0,0,0,0,0,0,14,8,8,6,15,7,108,101,113,76,81,75,91,61,62,96,54,4,26,0,0,0,0,0,12,11,12,12,16,16,16,-13,-14,-22,-15,-14,-16,-77,-77,-77,-77,-77,-77,-77,-77,-77,-78,-78,-78,-78,-85,-85,0,-8,-8]} 1. Nf3 Nf6 2. g3 g6 3. b4 Bg7 4. Bb2 d6 5. Bg2 O-O 6. O-O e5 7. c4 a5 (7... e4 $5 {[%cal Re4f3]} 8. Nd4 Nbd7 $11) 8. bxa5 {A15: English Opening: 1...Nf6.} Rxa5 9. d3 Nbd7 {[#]} 10. Nfd2 $146 {Black is slightly better.} ({Predecessor:} 10. Nbd2 Nb6 11. Bc3 Ra3 12. Bb2 Ra5 13. Bc3 Ra3 14. Nb1 Ra6 15. a4 Nbd7 16. Nbd2 {½-½ (42) Walker,S (2022)-Graham,D (2152) Bournemouth 2016}) 10... Re8 11. Nc3 Nf8 12. Nd5 N6d7 13. Nb3 Ra7 14. a4 Ne6 15. e3 Ndc5 16. Nxc5 Nxc5 17. d4 Ne6 {White should prevent ...c6.} 18. dxe5 Bxe5 19. Qb1 {Threatens to win with f4.} Nc5 20. Bxe5 dxe5 21. a5 Bf5 22. Qb5 Nd7 23. Qb4 c6 24. Nb6 Nb8 (24... Nxb6 $11 25. axb6 Rxa1 26. Rxa1 Qd7) 25. Rfd1 $16 Qc7 26. Rd6 Na6 27. Qa3 e4 28. h3 h5 29. Rad1 Qe7 30. R1d4 {White wants to play Bxe4!} c5 31. Rd2 Nb4 32. Nd7 Bxd7 33. Rxd7 Qe6 34. Qa4 Nc6 35. R2d6 Qf5 36. Rxc6 b5 $1 {[%cal Rb5a4]} 37. cxb5 (37. Bxe4 {looks sharper.} Qxe4 38. Qd1 Qxc6 39. Rxa7 bxc4 40. Rd7) 37... Rxd7 38. Qc2 c4 39. Rxc4 {[%cal Rg2e4]} Qxb5 40. Bxe4 (40. Qa4 $1 $11 {keeps the balance.} Qxa4 41. Rxa4) 40... Qxa5 $17 {Strongly threatening ...Qe1+.} 41. Bxg6 Qe1+ 42. Kg2 {[#]} Rd1 $1 {[%csl Gd1][%cal Re1h1]} ({Don't blunder} 42... Rd2 $2 {[#]} 43. Bxf7+ $1 {[%mdl 512]} Kf8 44. Qf5 $18) 43. Bxf7+ Kf8 {[%csl Gd1][%cal Re1h1]} ({Inferior is} 43... Kxf7 44. Qf5+ Ke7 45. Rc7+ Kd6 46. Qd7+ Ke5 47. Qxe8+ Kf6 48. Rf7+ Kg6 49. Qg8+ Kh6 50. Rh7#) 44. Qxd1 Qxd1 45. Rf4 Ke7 46. Bxe8 Kxe8 47. g4 hxg4 ({Black should play} 47... Qd5+ $17 48. Kg3 hxg4 49. hxg4 Ke7) 48. hxg4 $11 Ke7 {Weighted Error Value: White=0.09/Black=0.13} 1/2-1/2

[Event "EYCC Open U20 2021"]
[Site "Tornelo"]
[Date "2021.10.15"]
[Round "7.2"]
[White "Salemgareev, Tagir"]
[Black "Dudin, Gleb"]
[Result "1/2-1/2"]
[WhiteElo "2489"]
[BlackElo "2438"]
[Annotator "TA"]
[PlyCount "146"]
[EventDate "2021.10.15"]
[EventType "swiss"]
[EventCountry "NET"]
[SourceTitle "playchess.com"]
[Source "ChessBase"]
[SourceQuality "1"]

{[%evp 15,146,14,15,2,4,0,33,-2,-11,-8,-24,-20,-23,-12,-36,-37,-16,-41,-7,-88,-66,-114,-56,-61,-60,-57,-47,-58,-47,-70,-49,-60,-50,-66,-91,-82,0,-118,-121,-107,-95,-119,-122,-128,-120,-129,-122,-144,-142,-145,-145,-148,-104,-122,-99,-122,-122,-133,-85,-86,-76,-89,-70,-88,-85,-91,-52,-72,-50,-50,-56,-56,-56,-56,-56,-63,-61,-56,-56,-56,-56,-56,-56,-56,-66,-79,-79,-79,-79,-79,-67,-67,-56,-56,-56,-56,0,-56,-56,-56,-56,-56,-56,-56,-56,-56,0,-56,0,-56,-56,-56,-48,-48,-27,-27,0,-48,-48,-48,-48,-56,-56,-56,0,-56,-56,-56,0,-56,0,-56,0]} 1. d4 d5 2. c4 c6 3. Nf3 Nf6 4. Nc3 e6 5. e3 Nbd7 6. Qc2 Bd6 7. b3 O-O 8. Bb2 e5 9. Be2 {D45: Semi-Slav: 5 e3.} e4 10. Nd2 h5 11. O-O-O {White is slightly better.} Re8 {[#]} 12. Rde1 $146 ({Predecessor:} 12. Kb1 a6 13. h3 h4 14. Rdg1 Nf8 15. g4 b5 16. cxd5 cxd5 17. g5 N6h7 18. Nxd5 Nxg5 {0-1 (47) Salemgareev,T (2461)-Schoppen,C (2496) Tornelo INT 2020}) 12... Nf8 13. f3 exf3 14. Bxf3 {[%cal Rc4d5]} Bb4 15. a3 Ba5 16. Kb1 Be6 17. Ka1 (17. Rhf1 $11) 17... b5 $17 18. b4 {[#]} Bb6 ({Better is} 18... Bxb4 $1 $17 {[%mdl 512]} 19. cxd5 (19. axb4 a5 $11) 19... Bxc3 20. dxe6 Bxb2+ 21. Qxb2 (21. Kxb2 Rxe6 22. Nb3 Rc8 $17) 21... Rxe6) 19. c5 $15 Bc7 20. e4 dxe4 21. Ndxe4 Nd5 22. Nf2 ({Wrong is} 22. Bxh5 $2 a5 $19) 22... Qd7 23. Nd3 (23. Bxh5 a5 $17) 23... a5 {Hoping for ...Nxb4!} 24. bxa5 Nxc3 (24... Bxa5 25. Rxe6 Rxe6 26. Nxd5 $11) 25. Bxc3 {Strongly threatening Nb4.} Ng6 (25... Bxa5 $17 26. Kb2 (26. Bxh5 $2 Qd5 $19) 26... Ng6) 26. Bxh5 (26. Qd2 $1 $11 {keeps the balance.}) 26... Bxa5 $17 27. Bxg6 fxg6 28. Nb4 Bxb4 29. Bxb4 Qxd4+ 30. Qb2 Qg4 31. Re5 Bd5 {And now ...Rxe5 would win.} 32. Rhe1 Rxe5 33. Rxe5 Rf8 34. Re1 Qc4 35. Qe2 Qd4+ 36. Qb2 Qg4 37. Qe2 Qh4 {White must now prevent ...Rf2!} 38. g3 Qf6+ 39. Qe5 Qf2 {[%csl Gd5][%cal Rf2a2]} 40. Qe2 Qf7 41. Qe7 Qf5 42. Bc3 {[%csl Gc3][%cal Re7g7]} Rf7 43. Qd8+ Kh7 44. Qh4+ $1 Qh5 45. Qxh5+ gxh5 $15 {[%mdl 4096] Endgame KRB-KRB} 46. Re5 Rf1+ 47. Kb2 Rf2+ 48. Kc1 Rxh2 49. Re7 Kg6 50. Rxg7+ Kf5 51. Re7 Kg4 52. Re3 Rg2 53. Be5 Kf5 54. Bd6 Be4 55. Kd1 Bd5 56. Kc1 $1 Ra2 57. Kd1 Kg4 58. Ke1 Bf3 59. Kf1 Rd2 60. Ke1 Ra2 (60... Rc2 {is interesting.} 61. Kf1 Bg2+ 62. Ke1 Bd5 63. Kf1 Kf5) 61. Kf1 Bd5 62. Ke1 $1 Kh3 63. Kd1 Ra1+ 64. Ke2 Kg2 65. Rc3 Kh3 66. Ke3 Kg4 67. Ke2 Ra2+ 68. Ke1 Bf3 69. Re3 Bd5 ({Black should try} 69... Rc2 $15) 70. Kd1 (70. Rc3 $1 $11) 70... Rb2 71. Ke1 Ra2 72. Kd1 Bf3+ 73. Ke1 $1 Bd5 {White happily takes the draw.  Weighted Error Value: White=0.12/Black=0.13} (73... Rc2 $15) 1/2-1/2